[Event "Lublin op"]
[Site "Lublin"]
[Date "2011.12.30"]
[Round "7"]
[White "Krzyzanowski, Wojciech Marcin"]
[Black "Dymek, Lukasz"]
[Result "1/2-1/2"]
[WhiteElo "1980"]
[BlackElo "2095"]
[PlyCount "22"]
[EventDate "2011.12.27"]
[EventType "swiss"]
[EventRounds "7"]
[EventCountry "POL"]
[SourceTitle "CBM 146 Extra"]
[Source "ChessBase"]
[SourceDate "2012.02.29"]
[SourceVersion "1"]
[SourceVersionDate "2012.02.29"]
[SourceQuality "1"]

1. d4 Nf6 2. c4 g6 3. Nc3 d5 4. cxd5 Nxd5 5. e4 Nxc3 6. bxc3 Bg7 7. Bc4 0-0 8. Ne2 c5 9. 0-0 Nc6 10. Be3 Qa5 11. Rb1 a6 1/2-1/2

[Event "Klementowice op 2nd"]
[Site "Klementowice"]
[Date "2011.08.18"]
[Round "6"]
[White "Dymek, Lukasz"]
[Black "Sobolewski, Bartosz"]
[Result "1-0"]
[WhiteElo "2092"]
[BlackElo "1889"]
[PlyCount "93"]
[EventDate "2011.08.14"]
[EventType "swiss"]
[EventRounds "9"]
[EventCountry "POL"]
[SourceTitle "CBM 144 Extra"]
[Source "ChessBase"]
[SourceDate "2011.10.28"]
[SourceVersion "1"]
[SourceVersionDate "2011.10.28"]
[SourceQuality "1"]

1. Nf3 d5 2. g3 Nf6 3. Bg2 g6 4. 0-0 Bg7 5. d4 0-0 6. c4 c6 7. Nc3 Ne4 8. Qd3 Bf5 9. Qe3 Nxc3 10. bxc3 Be4 11. Ba3 Re8 12. cxd5 cxd5 13. Qf4 Bf6 14. h4 Nc6 15. Ng5 Bxg2 16. Kxg2 e5 17. dxe5 Rxe5 18. Qd2 Na5 19. Bc5 Nc4 20. Qd3 h6 21. Nf3 Re4 22. Bd4 Bxd4 23. cxd4 Qa5 24. e3 Re6 25. Rfe1 Rae8 26. Re2 Qa6 27. h5 Kg7 28. Rb1 R8e7 29. Kg1 Na3 30. Rb3 Qxd3 31. Rxd3 Nc4 32. hxg6 fxg6 33. Rb3 a6 34. Ne1 b6 35. Nd3 Rd6 36. Rc2 b5 37. Nc5 Kf6 38. a4 Rb6 39. axb5 axb5 40. Ra2 Nd6 41. Ra8 Kg5 42. Kg2 h5 43. Rd8 Ra7 44. Ne6+ Kf5 45. Nf4 Rc6 46. Nxd5 Ne4 47. Rxb5 1-0

[Event "Klementowice op 2nd"]
[Site "Klementowice"]
[Date "2011.08.15"]
[Round "2"]
[White "Dymek, Lukasz"]
[Black "Kumala, Aleksander"]
[Result "1/2-1/2"]
[WhiteElo "2092"]
[BlackElo "1898"]
[PlyCount "174"]
[EventDate "2011.08.14"]
[EventType "swiss"]
[EventRounds "9"]
[EventCountry "POL"]
[SourceTitle "CBM 144 Extra"]
[Source "ChessBase"]
[SourceDate "2011.10.28"]
[SourceVersion "1"]
[SourceVersionDate "2011.10.28"]
[SourceQuality "1"]

1. e4 e5 2. Nf3 Nc6 3. Bb5 a6 4. Ba4 Nf6 5. 0-0 b5 6. Bb3 Be7 7. Re1 0-0 8. Nc3 d6 9. h3 Na5 10. d3 Nxb3 11. axb3 Bb7 12. Be3 c5 13. Ne2 Nd7 14. Ng3 g6 15. Bh6 Re8 16. Qd2 Bf8 17. Bxf8 Nxf8 18. b4 Qf6 19. bxc5 dxc5 20. Qe3 Ne6 21. c3 Rad8 22. Rad1 Nf4 23. Ne2 Nxe2+ 24. Rxe2 c4 25. Red2 cxd3 26. Rxd3 Rxd3 27. Qxd3 Qc6 28. Re1 f5 29. exf5 e4 30. Qe3 gxf5 31. Nd4 Qg6 32. g3 Rf8 33. Qf4 Bd5 34. Kh2 Qf6 35. Rd1 Bc4 36. Nc2 Bd3 37. Ne3 b4 38. Nd5 Qe6 39. Nxb4 Qb3 40. Rd2 a5 41. Nxd3 exd3 42. Qd4 f4 43. Qxd3 fxg3+ 44. Qxg3+ Kh8 45. Rd7 Qb8 46. Qxb8 Rxb8 47. Rd2 Kg7 48. Kg3 Kf6 49. Kf4 Rb6 50. f3 Ke6 51. h4 Rb8 52. Re2+ Kf6 53. Re5 Rxb2 54. Rxa5 Rc2 55. Rc5 Kg6 56. c4 Kh6 57. Rc7 Rh2 58. Kg3 Rd2 59. c5 Rc2 60. c6 Kg6 61. Rc8 Rc1 62. c7 Kg7 63. f4 Rc2 64. f5 Rc3+ 65. Kf4 Kf7 66. Rh8 Rxc7 67. Rxh7+ Kf6 68. Rh6+ Kg7 69. Rg6+ Kf7 70. Ra6 Rc1 71. Kg5 Rg1+ 72. Kh6 Rf1 73. Ra5 Kf6 74. h5 Rh1 75. Rb5 Rh2 76. Rb1 Kxf5 77. Rf1+ Ke6 78. Kg6 Rg2+ 79. Kh7 Ke7 80. h6 Rg3 81. Kh8 Rg2 82. h7 Rg3 83. Ra1 Kf7 84. Ra7+ Kf8 85. Ra8+ Kf7 86. Rg8 Ra3 87. Rf8+ Kxf8 1/2-1/2

[Event "Miedzyrzec Podlaski op 2nd"]
[Site "Miedzyrzec Podlaski"]
[Date "2011.07.15"]
[Round "8"]
[White "Molenda, Marcin"]
[Black "Dymek, Lukasz"]
[Result "1/2-1/2"]
[WhiteElo "1664"]
[BlackElo "2092"]
[PlyCount "119"]
[EventDate "2011.07.11"]
[EventType "swiss"]
[EventRounds "9"]
[EventCountry "POL"]
[SourceTitle "EXT 2012"]
[Source "ChessBase"]
[SourceDate "2011.11.24"]
[SourceVersion "1"]
[SourceVersionDate "2011.11.24"]
[SourceQuality "1"]

1. e4 d5 2. exd5 Qxd5 3. d4 c6 4. c4 Qa5+ 5. Nc3 Nf6 6. Bd3 Qc7 7. Nf3 Bg4 8. h3 Bxf3 9. Qxf3 e6 10. 0-0 Be7 11. Ne4 0-0 12. Nxf6+ Bxf6 13. Be3 Nd7 14. Rad1 Rfe8 15. Bb1 g6 16. Rd2 Bg7 17. Rfd1 Nb6 18. b3 Rad8 19. Bg5 Rd7 20. Bf6 Bxf6 21. Qxf6 Qd8 22. Qe5 Qe7 23. Qa5 Ra8 24. Be4 Kg7 25. Bf3 Qf6 26. Qc3 Rad8 27. Qe3 Re7 28. a4 Nc8 29. Rd3 a6 30. Qd2 Red7 31. Qe3 Nd6 32. Be4 Nf5 33. Bxf5 Qxf5 34. f4 h5 35. Qe5+ Qf6 36. Kf2 b5 37. Qxf6+ Kxf6 38. axb5 axb5 39. Ke3 Ra7 40. Ke4 Ra3 41. R1d2 Rb8 42. Rd1 bxc4 43. bxc4 Ra4 44. Rc1 Rb2 45. g4 Re2+ 46. Kf3 Rh2 47. Ke4 Re2+ 48. Kf3 Raa2 49. Rb1 Rec2 50. c5 Rg2 51. gxh5 gxh5 52. Re1 h4 53. Ke4 Raf2 54. Ree3 Rg1 55. Ra3 Rc1 56. Rab3 Rd2 57. Rb4 Rf2 58. Rbb3 Rd1 59. Ra3 Rb2 60. Ra4 1/2-1/2

[Event "Miedzyrzec Podlaski-ch"]
[Site "Miedzyrzec Podlaski"]
[Date "2010.06.13"]
[Round "3.1"]
[White "Dymek, Lukasz"]
[Black "Uscinski, Marek"]
[Result "0-1"]
[WhiteElo "2107"]
[BlackElo "1858"]
[PlyCount "112"]
[EventDate "2010.06.11"]
[EventType "swiss"]
[EventRounds "5"]
[EventCountry "POL"]
[SourceTitle "EXT 2023"]
[Source "ChessBase"]
[SourceDate "2022.10.05"]
[SourceVersion "1"]
[SourceVersionDate "2022.10.05"]
[SourceQuality "1"]

1. Nf3 Nf6 2. d4 d5 3. c4 e6 4. Nc3 Nbd7 5. Bg5 h6 6. Bh4 Be7 7. e3 c6 8. Bd3 dxc4 9. Bxc4 Nd5 10. Bg3 N7b6 11. Bb3 Nxc3 12. bxc3 Nd5 13. Qd3 Qa5 14. Rc1 b6 15. 0-0 Bb7 16. Ne5 Rc8 17. Rfe1 Nf6 18. f4 0-0 19. Bc2 Ba6 20. Qd2 Ba3 21. Rb1 c5 22. Rb3 c4 23. Rbb1 Nd5 24. Qf2 Nxc3 25. f5 Bb7 26. f6 Ne4 27. Bxe4 Bxe4 28. fxg7 Kxg7 29. Nd7 Qf5 30. Qxf5 exf5 31. Rbc1 Bxc1 32. Rxc1 Rfd8 33. Be5+ Kg6 34. Nf6 Rc6 35. Nxe4 fxe4 36. Kf2 Rd5 37. g4 f6 38. Bf4 b5 39. Ke2 b4 40. Kd2 Ra5 41. Rc2 f5 42. h3 fxg4 43. hxg4 h5 44. gxh5+ Rxh5 45. Kc1 Kf5 46. d5 Rc8 47. Rf2 Kg4 48. d6 Rd5 49. Kc2 a5 50. Rf1 a4 51. Rg1+ Kf3 52. Rg5 b3+ 53. axb3 cxb3+ 54. Kb1 Rd1+ 55. Kb2 Rc2+ 56. Ka3 Ra2+ 0-1

[Event "Miedzyrzec Podlaski-ch"]
[Site "Miedzyrzec Podlaski"]
[Date "2010.06.12"]
[Round "2.1"]
[White "Gora, Jan"]
[Black "Dymek, Lukasz"]
[Result "1/2-1/2"]
[WhiteElo "1821"]
[BlackElo "2107"]
[PlyCount "217"]
[EventDate "2010.06.11"]
[EventType "swiss"]
[EventRounds "5"]
[EventCountry "POL"]
[SourceTitle "EXT 2023"]
[Source "ChessBase"]
[SourceDate "2022.10.05"]
[SourceVersion "1"]
[SourceVersionDate "2022.10.05"]
[SourceQuality "1"]

1. e4 Nf6 2. e5 Nd5 3. d4 d6 4. c4 Nb6 5. f4 dxe5 6. fxe5 Nc6 7. Be3 Bf5 8. Nc3 e6 9. Be2 Bb4 10. Nf3 Qd7 11. 0-0 Bg6 12. Qd2 Ne7 13. a3 Bxc3 14. Qxc3 Nf5 15. Bf2 h5 16. Nh4 Qe7 17. Nxf5 Bxf5 18. d5 Bg6 19. d6 Qd7 20. c5 Nd5 21. Qd4 0-0 22. Qh4 Qd8 23. Qxd8 Raxd8 24. Bh4 Rd7 25. Bb5 c6 26. Be2 Rb8 27. Bf3 Rf8 28. Bxd5 exd5 29. b4 Re8 30. Be7 Rexe7 31. dxe7 Rxe7 32. Rfe1 Be4 33. a4 Rxe5 34. b5 f5 35. bxc6 bxc6 36. Rad1 Re7 37. Rb1 Kf7 38. Rb8 Rd7 39. a5 d4 40. a6 Rd5 41. Rb7+ Kf6 42. Rxa7 Rxc5 43. Rd7 Ra5 44. Rxd4 Rxa6 45. Rc1 Bd5 46. Rc2 g5 47. Kf2 Be4 48. Rcd2 Ke5 49. Rd8 h4 50. Re8+ Kf4 51. g3+ hxg3+ 52. hxg3+ Kg4 53. Re2 Ra4 54. Re6 Rd4 55. Re5 Rc4 56. Re6 Bf3 57. Rd2 Be4 58. Re2 c5 59. Re5 Rb4 60. Rxc5 Rb3 61. Re5 Rf3+ 62. Ke1 Kxg3 63. R2xe4 fxe4 64. Rxg5+ Kf4 65. Rg8 Ra3 66. Rh8 Ra1+ 67. Ke2 Ra2+ 68. Ke1 Ke5 69. Rh3 Kd4 70. Rh8 Kd3 71. Re8 Ke3 72. Kf1 Rf2+ 73. Ke1 Rh2 74. Kf1 Ra2 75. Re7 Ra1+ 76. Kg2 Rd1 77. Re8 Rb1 78. Re7 Rb4 79. Kf1 Rd4 80. Ke1 Ra4 81. Kf1 Ra1+ 82. Kg2 Rd1 83. Re8 Re1 84. Re7 Kd2 85. Ra7 Rd1 86. Ra2+ Ke3 87. Ra4 Rd4 88. Ra8 Ke2 89. Ra2+ Rd2 90. Ra1 e3 91. Ra3 Rb2 92. Ra1 Rc2 93. Rb1 Ra2 94. Rh1 Kd2 95. Rb1 Ke2 96. Kg3 Rd2 97. Ra1 Rb2 98. Kg2 Rc2 99. Kg3 Kd3 100. Ra3+ Kd2 101. Ra1 Rc1 102. Ra2+ Kd3 103. Ra3+ Rc3 104. Ra1 Rb3 105. Kf3 e2 106. Kf2 Rc3 107. Ra2 Rc8 108. Rxe2 Rf8+ 109. Ke1 1/2-1/2

[Event "Miedzyrzec Podlaski-ch"]
[Site "Miedzyrzec Podlaski"]
[Date "2010.06.11"]
[Round "1.1"]
[White "Dymek, Lukasz"]
[Black "Puszkarski, Piotr"]
[Result "1-0"]
[WhiteElo "2107"]
[BlackElo "1606"]
[PlyCount "93"]
[EventDate "2010.06.11"]
[EventType "swiss"]
[EventRounds "5"]
[EventCountry "POL"]
[SourceTitle "EXT 2023"]
[Source "ChessBase"]
[SourceDate "2022.10.05"]
[SourceVersion "1"]
[SourceVersionDate "2022.10.05"]
[SourceQuality "1"]

1. e4 e5 2. Nf3 Nc6 3. Bb5 a6 4. Ba4 Nf6 5. 0-0 d6 6. Re1 Be7 7. c3 0-0 8. d4 exd4 9. cxd4 Bg4 10. Bxc6 bxc6 11. Nc3 Rb8 12. Qd3 Re8 13. h3 Bc8 14. a3 a5 15. Rb1 Bb7 16. Bf4 Nd7 17. Bg3 c5 18. Rbd1 Qc8 19. Qc2 cxd4 20. Nxd4 Bf6 21. Ncb5 Nc5 22. f3 Be5 23. Bxe5 Rxe5 24. b4 axb4 25. axb4 Na6 26. Rb1 Qd7 27. Na3 c5 28. bxc5 dxc5 29. Nf5 Re6 30. Red1 Qc7 31. Qc3 Rg6 32. Nb5 Qf4 33. Ne7+ Kh8 34. Nxg6+ hxg6 35. Nd6 Nb4 36. Qxc5 Ra8 37. Qxb4 Ra2 38. Qxb7 Qe3+ 39. Kh1 Qf2 40. Qc8+ Kh7 41. Qg4 f5 42. exf5 gxf5 43. Qxf5+ g6 44. Rb7+ Kh6 45. Nf7+ Kh7 46. Ng5+ Kg8 47. Rd8# 1-0

[Event "Zlota Wieze 50"]
[Site "Pultusk"]
[Date "2008.07.03"]
[Round "6.1"]
[White "Dymek, Lukasz"]
[Black "Bardeli, Lukasz"]
[Result "0-1"]
[WhiteElo "2113"]
[BlackElo "2317"]
[PlyCount "73"]
[EventDate "2008.06.30"]
[EventType "team"]
[EventRounds "9"]
[EventCountry "POL"]
[SourceTitle "EXT 2020"]
[Source "ChessBase"]
[SourceDate "2019.10.17"]
[SourceVersion "1"]
[SourceVersionDate "2019.10.17"]
[SourceQuality "1"]

1. e4 Nf6 2. e5 Nd5 3. d4 d6 4. Nf3 Bg4 5. Be2 c6 6. 0-0 Bxf3 7. Bxf3 dxe5 8. dxe5 e6 9. Qe2 Nd7 10. c4 Ne7 11. Bg4 Qc7 12. Re1 0-0-0 13. Nc3 h5 14. Bh3 Nc5 15. Rd1 Rxd1+ 16. Nxd1 Nf5 17. Bxf5 exf5 18. Nc3 g6 19. Bg5 Be7 20. f4 h4 21. Qf2 Bf8 22. Kf1 h3 23. Rd1 hxg2+ 24. Kxg2 Be7 25. h4 Bxg5 26. hxg5 Ne6 27. Ne2 Qa5 28. Nc3 Qb4 29. Qd2 Qxc4 30. Rf1 Rd8 31. Qe3 Rd3 32. Qc1 Qd4 33. Rf2 Kb8 34. Qf1 Rd2 35. Rxd2 Qxd2+ 36. Kg3 Qxb2 37. Qd3 0-1

[Event "Zlota Wieze 50"]
[Site "Pultusk"]
[Date "2008.07.02"]
[Round "5.3"]
[White "Warakomski, Tomasz"]
[Black "Dymek, Lukasz"]
[Result "1-0"]
[WhiteElo "2502"]
[BlackElo "2113"]
[PlyCount "107"]
[EventDate "2008.06.30"]
[EventType "team"]
[EventRounds "9"]
[EventCountry "POL"]
[SourceTitle "EXT 2020"]
[Source "ChessBase"]
[SourceDate "2019.10.17"]
[SourceVersion "1"]
[SourceVersionDate "2019.10.17"]
[SourceQuality "1"]

1. e4 d5 2. exd5 Qxd5 3. Nc3 Qa5 4. d4 c6 5. Bc4 Nf6 6. Bd2 Qc7 7. Nf3 Bg4 8. h3 Bxf3 9. Qxf3 e6 10. Ne4 Nxe4 11. Qxe4 Nd7 12. 0-0-0 Nf6 13. Qf3 0-0-0 14. Bg5 Be7 15. Rhe1 Kb8 16. Bb3 h6 17. Bf4 Bd6 18. Be5 Bxe5 19. dxe5 Rxd1+ 20. Kxd1 Rd8+ 21. Kc1 Qd7 22. Qe3 Nd5 23. Qd4 Nb6 24. Qxd7 Rxd7 25. c3 Kc7 26. Re4 Re7 27. Bd1 Nd7 28. h4 Re8 29. h5 f6 30. exf6 Nxf6 31. Re3 e5 32. c4 a5 33. Kc2 b5 34. cxb5 cxb5 35. Rg3 Re7 36. Rg6 Kb7 37. Bf3+ e4 38. Be2 b4 39. g4 Nd5 40. Rd6 Nf4 41. Kd2 Rc7 42. Ba6+ Ka7 43. Bf1 Rf7 44. Ke3 Nd3 45. Bxd3 exd3 46. Rxd3 Kb6 47. Rd6+ Kc5 48. Re6 Kc4 49. Re4+ Kd5 50. f4 Rc7 51. Re5+ Kc4 52. Rxa5 Rd7 53. g5 Rd3+ 54. Ke4 1-0

[Event "Zlota Wieze 50"]
[Site "Pultusk"]
[Date "2008.07.01"]
[Round "3.5"]
[White "Watorek, Marcin"]
[Black "Dymek, Lukasz"]
[Result "1/2-1/2"]
[WhiteElo "2161"]
[BlackElo "2113"]
[PlyCount "29"]
[EventDate "2008.06.30"]
[EventType "team"]
[EventRounds "9"]
[EventCountry "POL"]
[SourceTitle "EXT 2020"]
[Source "ChessBase"]
[SourceDate "2019.10.17"]
[SourceVersion "1"]
[SourceVersionDate "2019.10.17"]
[SourceQuality "1"]

1. d4 Nf6 2. Nf3 e6 3. c4 b6 4. g3 Bb7 5. Bg2 Be7 6. 0-0 0-0 7. Nc3 d5 8. Ne5 Nbd7 9. Bf4 c6 10. Re1 Rc8 11. e4 Nxe5 12. dxe5 Nxe4 13. Nxe4 dxe4 14. Bxe4 Qxd1 15. Rexd1 1/2-1/2

[Event "Zlota Wieza op 49th"]
[Site "Gniezno"]
[Date "2007.05.26"]
[Round "9"]
[White "Sapis, Witalis"]
[Black "Dymek, Lukasz"]
[Result "1-0"]
[WhiteElo "2401"]
[BlackElo "2033"]
[PlyCount "175"]
[EventDate "2007.05.20"]
[EventType "swiss"]
[EventRounds "9"]
[EventCountry "POL"]
[SourceTitle "EXT 2011"]
[Source "ChessBase"]
[SourceDate "2010.11.26"]
[SourceVersion "1"]
[SourceVersionDate "2010.11.26"]
[SourceQuality "1"]

1. d4 Nf6 2. c4 e6 3. Nc3 b6 4. a3 Bb7 5. d5 exd5 6. cxd5 a5 7. g3 Na6 8. Bg2 d6 9. Nf3 Nc5 10. 0-0 Be7 11. Nd4 0-0 12. b3 Nfd7 13. Rb1 Bf6 14. b4 axb4 15. axb4 Na4 16. Nxa4 Bxd4 17. Qxd4 Rxa4 18. Bb2 Nf6 19. Rfc1 Ba6 20. e4 Bb5 21. f4 Ne8 22. e5 dxe5 23. fxe5 Qe7 24. Bc3 f6 25. d6 Qxe5 26. Qxe5 fxe5 27. dxc7 Nxc7 28. Bxe5 Ne8 29. Bd4 Nf6 30. Bxb6 Re8 31. Bd4 Re7 32. Bc5 Rd7 33. Rd1 Rxd1+ 34. Rxd1 Kf7 35. h3 Ra3 36. g4 h6 37. Rd2 Ke6 38. Rd6+ Ke5 39. Rb6 Ra1+ 40. Kh2 Bc4 41. Bd6+ Ke6 42. Bc5+ Kf7 43. Bd4 Ra2 44. Kg1 Rd2 45. Bxf6 gxf6 46. Be4 Rb2 47. h4 Be2 48. Bf5 Bf3 49. h5 Rg2+ 50. Kf1 Rh2 51. Rd6 Rb2 52. Rd7+ Kf8 53. Rd4 Ke7 54. Bd7 Kf7 55. Rf4 Bd5 56. Ke1 Ke7 57. Bc8 Bc6 58. Rd4 Ba4 59. Bf5 Kf7 60. Re4 Kf8 61. Re6 Kf7 62. Rb6 Ke7 63. Bd3 Rg2 64. Bf5 Rb2 65. Rb7+ Kd6 66. Rh7 Rxb4 67. Rxh6 Ke5 68. Rh8 Kf4 69. Kd2 Rb2+ 70. Kc3 Rb7 71. h6 Rc7+ 72. Kd4 Bc2 73. Bxc2 Rxc2 74. Rg8 Rd2+ 75. Kc3 Rh2 76. Rg6 Rh1 77. Kd4 Rd1+ 78. Kc5 Ke5 79. h7 Rc1+ 80. Kb4 Rh1 81. Rg7 Ke6 82. Kc5 Rh2 83. Kc6 Rc2+ 84. Kb7 Rh2 85. Kc7 f5 86. g5 f4 87. g6 f3 88. Rf7 1-0

[Event "Zlota Wieza op 49th"]
[Site "Gniezno"]
[Date "2007.05.24"]
[Round "7"]
[White "Siembab, Bartosz"]
[Black "Dymek, Lukasz"]
[Result "1-0"]
[WhiteElo "2206"]
[BlackElo "2033"]
[PlyCount "125"]
[EventDate "2007.05.20"]
[EventType "swiss"]
[EventRounds "9"]
[EventCountry "POL"]
[SourceTitle "EXT 2011"]
[Source "ChessBase"]
[SourceDate "2010.11.26"]
[SourceVersion "1"]
[SourceVersionDate "2010.11.26"]
[SourceQuality "1"]

1. e4 Nf6 2. e5 Nd5 3. d4 d6 4. Nf3 Bg4 5. Be2 g6 6. c3 Bg7 7. exd6 exd6 8. Qb3 Nb6 9. 0-0 0-0 10. h3 Be6 11. Qc2 h6 12. Bd3 N8d7 13. c4 d5 14. c5 Nc8 15. Re1 Ne7 16. Nbd2 Re8 17. Nb3 Nc6 18. Qe2 Nb4 19. Be3 a5 20. a3 Nxd3 21. Qxd3 a4 22. Nbd2 c6 23. b4 axb3 24. Nxb3 Qc7 25. a4 Bf5 26. Qd2 b6 27. Bxh6 Be4 28. Bxg7 Kxg7 29. Ng5 bxc5 30. Nxc5 Nxc5 31. dxc5 Qe7 32. Qd4+ Qf6 33. Qd2 Reb8 34. Nxe4 dxe4 35. Qe3 Rb2 36. a5 Ra6 37. Ra4 Rc2 38. Rxe4 Rc3 39. Qd2 Rxc5 40. Rf4 Rf5 41. Rxf5 Qxf5 42. Qc3+ Qf6 43. Qc5 Ra8 44. Rd1 Qb2 45. h4 Qb5 46. Qc3+ Kg8 47. Ra1 c5 48. Qf6 Qa6 49. Qxa6 Rxa6 50. Kf1 Kf8 51. Ke2 Ke7 52. g4 Kd6 53. h5 gxh5 54. gxh5 Ke5 55. Kd3 Kd5 56. Kc3 f5 57. f3 c4 58. Kb4 Ra8 59. a6 Rb8+ 60. Kc3 Rb3+ 61. Kc2 Rb8 62. a7 Ra8 63. h6 1-0

[Event "Zlota Wieza op 49th"]
[Site "Gniezno"]
[Date "2007.05.20"]
[Round "2"]
[White "Dymek, Lukasz"]
[Black "Sygulski, Artur"]
[Result "1/2-1/2"]
[WhiteElo "2033"]
[BlackElo "2397"]
[PlyCount "44"]
[EventDate "2007.05.20"]
[EventType "swiss"]
[EventRounds "9"]
[EventCountry "POL"]
[SourceTitle "EXT 2011"]
[Source "ChessBase"]
[SourceDate "2010.11.26"]
[SourceVersion "1"]
[SourceVersionDate "2010.11.26"]
[SourceQuality "1"]

1. c4 e5 2. Nc3 Nc6 3. g3 g6 4. Bg2 Bg7 5. e3 Nge7 6. Nge2 0-0 7. 0-0 d6 8. a3 Be6 9. Nd5 Qd7 10. Re1 Rab8 11. Nec3 a6 12. d3 b5 13. b3 bxc4 14. bxc4 Na5 15. Nxe7+ Qxe7 16. e4 Qd7 17. Be3 Nb3 18. Rb1 Nd4 19. Bxd4 exd4 20. Nd5 c5 21. Nf4 Bh6 22. Nd5 Bxd5 1/2-1/2